[Event "San Francisco TNM Winter op"]
[Site "San Francisco"]
[Date "2013.01.08"]
[Round "1"]
[White "Delmonico, Nils"]
[Black "Langrog, Alex"]
[Result "1-0"]
[WhiteElo "1922"]
[BlackElo "1332"]
[PlyCount "59"]
[EventDate "2013.01.08"]
[EventType "swiss"]
[EventRounds "8"]
[EventCountry "USA"]
[SourceTitle "EXT 2016"]
[Source "ChessBase"]
[SourceDate "2015.10.08"]
[SourceVersion "1"]
[SourceVersionDate "2015.10.08"]
[SourceQuality "1"]

1. c4 e6 2. g3 c5 3. Bg2 Nf6 4. Nc3 Nc6 5. Nf3 Be7 6. 0-0 Qc7 7. d4 cxd4 8. Nxd4 Nxd4 9. Qxd4 Bc5 10. Qd3 h5 11. Bf4 e5 12. Bg5 d6 13. Bxf6 gxf6 14. b4 Bd4 15. Nb5 Qb6 16. Nxd4 Qxd4 17. Qxd4 exd4 18. Rfd1 Be6 19. Rxd4 Ke7 20. a3 Rab8 21. h4 b5 22. cxb5 Rxb5 23. e3 Rc8 24. a4 Re5 25. Rad1 Bb3 26. Ra1 Rc2 27. b5 Ke6 28. Rad1 d5 29. Rb4 Rf5 30. Bh3 1-0

[Event "San Francisco TNM Marathon op"]
[Site "San Francisco"]
[Date "2012.09.25"]
[Round "9"]
[White "Otterbach, Renate"]
[Black "Langrog, Alex"]
[Result "0-1"]
[WhiteElo "700"]
[BlackElo "1347"]
[PlyCount "62"]
[EventDate "2012.07.31"]
[EventType "swiss"]
[EventRounds "9"]
[EventCountry "USA"]
[SourceTitle "EXT 2014"]
[Source "ChessBase"]
[SourceDate "2013.11.20"]
[SourceVersion "1"]
[SourceVersionDate "2013.11.20"]
[SourceQuality "1"]

1. d4 d5 2. e3 Nf6 3. Bd3 Nc6 4. c3 Bg4 5. f3 Bh5 6. Nd2 e5 7. e4 Bd6 8. Qb3 Ne7 9. Ne2 Bg6 10. Qc2 c6 11. a4 0-0 12. b3 dxe4 13. Nxe4 Nxe4 14. fxe4 f5 15. Bc4+ Kh8 16. Ng3 fxe4 17. Be3 Qc7 18. 0-0-0 exd4 19. Rxd4 Bxg3 20. Rhd1 Bf4 21. Qe2 Bxe3+ 22. Qxe3 Nd5 23. Qg5 Qf4+ 24. Qxf4 Rxf4 25. Bxd5 cxd5 26. Rxd5 h6 27. Rd7 Rf7 28. R7d6 Kh7 29. Re1 Raf8 30. Re2 Rf1+ 31. Kd2 R1f2 0-1

[Event "San Francisco TNM Spring op"]
[Site "San Francisco"]
[Date "2012.04.17"]
[Round "6"]
[White "Ledford, Steven Sr"]
[Black "Langrog, Alex"]
[Result "1/2-1/2"]
[WhiteElo "1944"]
[BlackElo "807"]
[PlyCount "61"]
[EventDate "2012.03.13"]
[EventType "swiss"]
[EventRounds "8"]
[EventCountry "USA"]
[SourceTitle "EXT 2014"]
[Source "ChessBase"]
[SourceDate "2013.11.20"]
[SourceVersion "1"]
[SourceVersionDate "2013.11.20"]
[SourceQuality "1"]

1. f4 Nc6 2. Nf3 d6 3. d4 Bg4 4. Nbd2 Nf6 5. e3 Nd5 6. Nb3 Bxf3 7. Qxf3 Ncb4 8. Qd1 Qd7 9. a3 Qa4 10. axb4 Qxb4+ 11. Bd2 Qb6 12. Bd3 e6 13. Qe2 a6 14. 0-0 Rc8 15. e4 Nb4 16. Bxb4 Qxb4 17. f5 e5 18. d5 Be7 19. Rf3 Bg5 20. Kh1 h5 21. Qd1 Qb6 22. c3 h4 23. Bc2 Bf4 24. c4 Ke7 25. Qf1 f6 26. Rxf4 exf4 27. Qxf4 Rcg8 28. e5 dxe5 29. Qg4 Qf2 30. Qf3 Qxc2 31. d6+ 1/2-1/2

[Event "San Francisco TNM Spring op"]
[Site "San Francisco"]
[Date "2012.04.10"]
[Round "5"]
[White "Drane, Robert W"]
[Black "Langrog, Alex"]
[Result "1/2-1/2"]
[WhiteElo "1840"]
[BlackElo "807"]
[PlyCount "83"]
[EventDate "2012.03.13"]
[EventType "swiss"]
[EventRounds "8"]
[EventCountry "USA"]
[SourceTitle "EXT 2014"]
[Source "ChessBase"]
[SourceDate "2013.11.20"]
[SourceVersion "1"]
[SourceVersionDate "2013.11.20"]
[SourceQuality "1"]

1. e4 c5 2. Nf3 Nc6 3. Bb5 a6 4. Bxc6 bxc6 5. 0-0 g6 6. d3 Bg7 7. Nc3 Nf6 8. Be3 d6 9. h3 Nd7 10. Qd2 Ne5 11. Nh2 Rb8 12. Rab1 f5 13. Bh6 Bf6 14. Bg5 Bg7 15. exf5 Bxf5 16. Rbe1 Rb7 17. Re2 Nf7 18. Bh4 Bh6 19. f4 Qc8 20. Bf6 Rg8 21. Qe1 Bf8 22. g4 g5 23. fxg5 Nxg5 24. Qh4 h6 25. Rxf5 Qxf5 26. gxf5 Nf3+ 27. Kf2 Nxh4 28. Bxh4 Kf7 29. b3 Bg7 30. Ne4 Bd4+ 31. Kf3 d5 32. Ng3 Re8 33. Ng4 Kg7 34. f6+ Kg6 35. fxe7 h5 36. Nxh5 Kxh5 37. Re6 Kxh4 38. Rh6+ Kg5 39. h4+ Kf5 40. Rxc6 Rbxe7 41. Nh6+ Ke5 42. Ng4+ 1/2-1/2